Countries With the Highest Population Growth Rate On Each Continent - Statistics

General Stats
  • This quiz has been taken 16 times
  • The average score is 29 of 36
Answer Stats
Continent Rate Answer % Correct
Asia 2.26% Bahrain
94%
Europe 1.01% Ireland
94%
Europe 1.07% Malta
94%
Africa 3.28% Niger
94%
Oceania 0.98% Australia
88%
South America 1.02% Colombia
88%
South America 0.85% Ecuador
88%
North America 1.53% Guatemala
88%
North America 1.13% Haiti
88%
Europe 1.24% Iceland
88%
Oceania 0.73% New Zealand
88%
North America 1.32% Nicaragua
88%
Oceania 1.76% Papua New Guinea
88%
South America 1.21% Paraguay
88%
South America 1.05% Peru
88%
South America 0.85% Suriname
88%
Asia 3.84% Syria
88%
Oceania 2.25% Vanuatu
88%
Africa 3.05% Angola
81%
South America 1.36% Bolivia
81%
North America 1.66% Honduras
81%
Oceania 1.47% Kiribati
81%
Europe 1.1% Luxembourg
81%
North America 1.23% Panama
81%
Oceania 2.37% Solomon Islands
81%
Asia 2.89% United Arab Emirates
81%
Asia 2.81% Afghanistan
75%
Africa 3.43% Central African Republic
75%
Africa 3.25% DR Congo
75%
Asia 4.04% Oman
75%
Asia 2.93% Yemen
75%
Europe 1.18% Andorra
69%
North America 1.4% Belize
69%
Africa 3.47% Chad
69%
Africa 3.4% Somalia
69%
Europe 2.96% Ukraine
38%
No matching quizzes found
Score Distribution
Percent of People with Each Score
Percentile by Number Answered
Your Score History
You have not taken this quiz